00401nam a2200109Ia 4500008004100000082000800041100003800049245008500087942000600172952009800178999001500276240331s9999 xx 000 0 und d bWOM aCenter for Reproductive Right. ed 0aWomen of the worls :band policies affecting their reproductuve lives South Asia cL 001040708LaWERCLbWERCLcSSCd2024-03-31l0o 342.08 WOMp6423r2024-03-31w2024-03-31yL c4458d4458